Prénoms filles 1996 - Statistiques

Statistiques générales
  • Ce quiz a été pris 159 fois
  • Le résultat moyen est 59 sur 100
Statistiques - réponses
Hint Lettre Prénoms % Correct
6 J Julie
98%
1 M Marie
98%
5 P Pauline
91%
22 J Juliette
89%
25 L Léa
89%
3 L Laura
85%
50 S Sophie
85%
17 C Chloé
84%
2 M Marine
84%
4 C Camille
82%
52 L Louise
82%
7 S Sarah
82%
29 C Charlotte
81%
9 O Océane
81%
28 E Élisa
80%
13 E Émilie
80%
36 M Manon
80%
35 E Emma
79%
73 J Julia
79%
18 L Lisa
79%
37 C Clara
78%
81 L Laure
77%
21 L Lucie
77%
66 J Jeanne
74%
10 J Justine
74%
31 M Mathilde
74%
58 E Élise
73%
100 J Jade
73%
41 M Marion
73%
54 I Inès
72%
56 C Céline
69%
69 V Valentine
69%
60 A Alice
67%
26 A Aurélie
67%
19 C Claire
67%
20 N Noémie
67%
46 C Clémence
66%
34 A Amélie
64%
43 M Mélissa
64%
76 V Victoria
64%
11 M Mélanie
63%
38 M Margot
62%
16 A Audrey
61%
23 M Margaux
61%
14 A Amandine
60%
32 C Alexandra
59%
8 A Anaïs
59%
65 C Cécile
59%
42 C Caroline
58%
71 A Alicia
57%
77 C Célia
57%
49 E Eva
57%
55 J Jessica
57%
53 R Romane
57%
80 C Carla
56%
95 C Charline
56%
30 F Fanny
56%
39 O Ophélie
55%
15 E Élodie
54%
47 L Laurine
54%
24 M Maeva
54%
98 S Stéphanie
54%
27 E Estelle
53%
87 S Sandra
53%
72 A Agathe
51%
40 C Charlène
50%
51 L Laurie
50%
12 M Morgane
50%
93 C Clémentine
49%
99 G Gaëlle
49%
61 M Marina
49%
45 S Solène
49%
68 A Aurore
48%
75 A Adeline
47%
33 C Coralie
46%
79 J Jennifer
46%
63 C Cassandra
44%
59 C Cindy
44%
67 S Sabrina
44%
86 E Éloïse
43%
48 E Emeline
43%
44 A Alexia
41%
64 K Kelly
41%
94 A Axelle
40%
89 C Coline
40%
74 A Angélique
39%
57 L Laëtitia
39%
85 J Johanna
38%
82 M Myriam
38%
83 S Salomé
38%
92 M Mégane
36%
96 F Floriane
34%
97 L Lucile
33%
70 T Tiffany
31%
88 A Andréa
29%
62 L Ludivine
29%
91 C Cynthia
27%
90 D Déborah
27%
84 G Gwendoline
25%
78 A Alison
19%
Aucun quiz correspondant
Distribution des résultats
% des personnes avec chaque résultat
Percentile par nombre de réponses
Votre historique - résultats
Vous n’avez pas pris ce quiz